000
00244nam a2200097Ia 4500
001
1250604
005
20251031150859.0
008
251031s9999 xx 000 0 und d
245
0
_c
MUSTAFA KUTLU
_a
D-1 TUFANDAN ÖNCE
260
_b
DERGAH YAYINLARI
999
_c
1250604
_d
1250604